[Event "ROM-ch U12 Girls"]
[Site "Calimanesti"]
[Date "2013.04.08"]
[Round "9"]
[White "Neagu, Adena Mihaela"]
[Black "Mihailescu, Anna"]
[Result "1/2-1/2"]
[WhiteElo "1223"]
[BlackElo "1124"]
[PlyCount "80"]
[EventDate "2013.04.02"]
[EventType "swiss"]
[EventRounds "9"]
[EventCountry "ROU"]
[SourceTitle "CBM 153 Extra"]
[Source "ChessBase"]
[SourceDate "2013.04.22"]
[SourceVersion "1"]
[SourceVersionDate "2013.04.22"]
[SourceQuality "1"]

1. e4 e5 2. Nf3 Nc6 3. Bc4 Bc5 4. 0-0 Nf6 5. Nc3 d6 6. h3 0-0 7. d3 h6 8. Re1 Be6 9. Bb3 Qe7 10. Bxe6 fxe6 11. Be3 Bb6 12. Qd2 Rfe8 13. Rad1 Rad8 14. Bxb6 axb6 15. d4 exd4 16. Nxd4 Nxd4 17. Qxd4 e5 18. Qd2 c6 19. Qe3 b5 20. a3 d5 21. exd5 Nxd5 22. Nxd5 Rxd5 23. Rxd5 cxd5 24. Qb3 Qd7 25. Rd1 Rd8 26. Re1 Re8 27. f3 Kh7 28. Qd3+ Kg8 29. Qb3 Kh7 30. Qd3+ Kg8 31. Rd1 Rd8 32. Qb3 Kh7 33. Re1 Re8 34. Qd3+ Kg8 35. c3 Qc6 36. Rd1 Rd8 37. Re1 Re8 38. Rd1 Rd8 39. Re1 Re8 40. Rd1 Rd8 1/2-1/2

[Event "ROM-ch U12 Girls"]
[Site "Calimanesti"]
[Date "2013.04.07"]
[Round "8"]
[White "Ercsei, Estera Alexandra"]
[Black "Neagu, Adena Mihaela"]
[Result "1-0"]
[WhiteElo "1154"]
[BlackElo "1223"]
[PlyCount "97"]
[EventDate "2013.04.02"]
[EventType "swiss"]
[EventRounds "9"]
[EventCountry "ROU"]
[SourceTitle "CBM 153 Extra"]
[Source "ChessBase"]
[SourceDate "2013.04.22"]
[SourceVersion "1"]
[SourceVersionDate "2013.04.22"]
[SourceQuality "1"]

1. e4 e5 2. d4 exd4 3. c3 dxc3 4. Bc4 Nc6 5. Nxc3 Bb4 6. Bd2 Nf6 7. Nf3 0-0 8. e5 Qe7 9. Qe2 Ng4 10. h3 Ngxe5 11. Bb3 Nxf3+ 12. gxf3 Qxe2+ 13. Nxe2 Bxd2+ 14. Kxd2 d6 15. Rag1 g6 16. h4 h5 17. Nf4 Kh7 18. Rg3 Bf5 19. Rhg1 Ne7 20. Rg5 Nc6 21. Nxh5 Nd4 22. Bd1 Ne6 23. Nf6+ Kh8 24. R5g3 Kg7 25. Nh5+ Kh8 26. Nf6 Kg7 27. Nh5+ Kh8 28. Nf6 Ng7 29. h5 Nxh5 30. Rh1 Kg7 31. Nxh5+ Kg8 32. Nf4 Rfd8 33. Bb3 Kf8 34. Rh7 Rac8 35. Rxf7+ Ke8 36. Nxg6 Bxg6 37. Rxg6 d5 38. Rh7 Kf8 39. Rgg7 c6 40. Bc2 Re8 41. Bg6 Re6 42. Bf5 Rce8 43. Bxe6 Rxe6 44. Rxb7 Kg8 45. Rhc7 Re8 46. f4 Rf8 47. Rg7+ Kh8 48. Rh7+ Kg8 49. Rbg7# 1-0

[Event "ROM-ch U12 Girls"]
[Site "Calimanesti"]
[Date "2013.04.03"]
[Round "3"]
[White "Neagu, Adena Mihaela"]
[Black "Rohlicek, Anca Elena"]
[Result "0-1"]
[WhiteElo "1223"]
[BlackElo "1364"]
[PlyCount "78"]
[EventDate "2013.04.02"]
[EventType "swiss"]
[EventRounds "9"]
[EventCountry "ROU"]
[SourceTitle "CBM 153 Extra"]
[Source "ChessBase"]
[SourceDate "2013.04.22"]
[SourceVersion "1"]
[SourceVersionDate "2013.04.22"]
[SourceQuality "1"]

1. e4 c5 2. Nf3 Nc6 3. Nc3 g6 4. Bb5 Bg7 5. d3 d6 6. h3 a6 7. Bxc6+ bxc6 8. Be3 Nf6 9. Qd2 0-0 10. Bh6 Qc7 11. Bxg7 Kxg7 12. 0-0-0 Bd7 13. Rhe1 Rab8 14. b3 e5 15. Qe3 Rfe8 16. Re2 Qa5 17. Kb2 Be6 18. Qd2 Qc7 19. Qe3 a5 20. Rde1 Qa7 21. Kc1 Bc8 22. Na4 Ba6 23. Qd2 Bb7 24. Qc3 Ra8 25. Kb1 Nd7 26. Nb2 Qb8 27. Nc4 a4 28. Kc1 axb3 29. axb3 Ra7 30. Kd2 Qc7 31. Kd1 d5 32. exd5 cxd5 33. Ncxe5 Nxe5 34. Nxe5 d4 35. Qc4 Ra1+ 36. Kd2 Ba6 37. Qd5 Qa5+ 38. b4 Qxb4+ 39. c3 Qxc3# 0-1

[Event "ROM-ch U12 Girls"]
[Site "Calimanesti"]
[Date "2013.04.02"]
[Round "1"]
[White "Secrieru, Maria Georgiana"]
[Black "Neagu, Adena Mihaela"]
[Result "1/2-1/2"]
[WhiteElo "1001"]
[BlackElo "1223"]
[PlyCount "132"]
[EventDate "2013.04.02"]
[EventType "swiss"]
[EventRounds "9"]
[EventCountry "ROU"]
[SourceTitle "CBM 153 Extra"]
[Source "ChessBase"]
[SourceDate "2013.04.22"]
[SourceVersion "1"]
[SourceVersionDate "2013.04.22"]
[SourceQuality "1"]

1. e4 e5 2. Nf3 Nc6 3. Nc3 Nf6 4. Bc4 h6 5. 0-0 Bc5 6. a3 a6 7. d3 d6 8. Re1 Bg4 9. h3 Bh5 10. Be3 Bb6 11. Bxb6 cxb6 12. Nd5 Nd4 13. Nxf6+ Qxf6 14. Re3 0-0 15. c3 Nxf3+ 16. gxf3 Rfd8 17. d4 exd4 18. cxd4 Rac8 19. Be2 Qe6 20. f4 Bxe2 21. Qxe2 Re8 22. f5 Qf6 23. d5 Re7 24. Qd2 Rce8 25. Rae1 Qg5+ 26. Kf1 Qf4 27. Qd3 Qe5 28. Qc2 Qf6 29. f3 Qh4 30. Kg2 Qg5+ 31. Kf1 Qg3 32. Qg2 Qxg2+ 33. Kxg2 b5 34. b3 Rc7 35. a4 bxa4 36. bxa4 Rc4 37. Rb3 Rb8 38. Ra1 f6 39. Rb6 Rcc8 40. Rxd6 Rd8 41. Rxd8+ Rxd8 42. Rb1 Rd7 43. Rb6 Kf7 44. Kf2 Ke7 45. Ke3 Kf7 46. Kd4 Ke7 47. Kc5 Rc7+ 48. Kd4 Rd7 49. e5 fxe5+ 50. Kxe5 Kf7 51. d6 h5 52. f4 h4 53. Rb3 Kf8 54. Ke6 Ke8 55. Ke5 Kf7 56. Rb6 Kf8 57. f6 gxf6+ 58. Kxf6 Ke8 59. Ke6 Kd8 60. f5 Ke8 61. f6 Rh7 62. Rb3 Rd7 63. Rb6 Rh7 64. Rb3 Rd7 65. Rb6 Rh7 66. Rb3 Rd7 1/2-1/2